Statistics for Players in the Italian Football Hall of Fame

Click here to take the quiz!

General Stats

  • This quiz has been taken 23 times
  • The average score is 11 of 22

Answer Stats

HintAnswer% Correct
RomaFrancesco Totti
85%
MilanPaolo Maldini
85%
Fiorentina / Juventus / Milan / Bologna / Inter / BresciaRoberto Baggio
85%
JuventusAlessandro Del Piero
75%
MilanFranco Baresi
75%
Lazio / MilanAlessandro Nesta
65%
Napoli / Parma / Inter / JuventusFabio Cannavaro
65%
Brescia / Inter / Reggina / Inter / Brescia / Milan / JuventusAndrea Pirlo
60%
Sampdoria / JuventusGianluca Vialli
55%
NapoliDiego Maradona
45%
Fiorentina / Roma / InterGabriel Batistuta
45%
InterJavier Zanetti
40%
JuventusMichel Platini
40%
Inter / MilanRonaldo
40%
Napoli / Parma / CagliariGianfranco Zola
35%
InterGiuseppe Bergomi
35%
MilanMarco van Basten
35%
Milan / Sampdoria / Milan / SampdoriaRuud Gullit
35%
JuventusZinédine Zidane
25%
RomaPaulo Roberto Falcão
10%
Juventus / RomaZbigniew Boniek
10%
InterKarl-Heinz Rummenigge
5%

Score Distribution

Percentile by Number Answered

Percent of People with Each Score

Your Score History

You have not taken this quiz